000 00412nam a2200181Ia 4500
001 15165
005 20260306165007.0
008 260306t2016||||xx |||||||||||||| ||spa||
041 _aESP
082 _a530
_bS42E
100 _aSerway, Raymond A.
_eAUT
245 0 _aFísica:
_bpara ciencias e ingeniería
260 _c2016
300 _a
_c
650 _aGEN
654 _aCCN
942 _cLIB
_dJUS
_fJUS
_2ddc
_n
999 _c15165
_d15165